Advances in agronomy. Vol.158 (Record no. 43254)

MARC details
000 -LEADER
fixed length control field 00577nam a2200217Ia 4500
020 ## - INTERNATIONAL STANDARD BOOK NUMBER
ISBN 9780128174128
082 ## - DEWEY DECIMAL CLASSIFICATION NUMBER
Classification number 631/635
Item number ADV.18
100 ## - MAIN ENTRY--AUTHOR NAME
Personal name SPARKS, Donal L
245 #0 - TITLE STATEMENT
Title Advances in agronomy. Vol.158
260 ## - PUBLICATION, DISTRIBUTION, ETC. (IMPRINT)
Place of publication Cambridge
Name of publisher Academic Press
Year of publication 2019
300 ## - PHYSICAL DESCRIPTION
Number of Pages 326p.
650 ## - SUBJECT ADDED ENTRY--TOPICAL TERM
Topical Term Biochar effects
650 ## - SUBJECT ADDED ENTRY--TOPICAL TERM
Topical Term National academy of Sciences prize
650 ## - SUBJECT ADDED ENTRY--TOPICAL TERM
Topical Term Remote sensing
650 ## - SUBJECT ADDED ENTRY--TOPICAL TERM
Topical Term Sandy soil
650 ## - SUBJECT ADDED ENTRY--TOPICAL TERM
Topical Term Soil organic carbon
650 ## - SUBJECT ADDED ENTRY--TOPICAL TERM
Topical Term Soil phosphorous
650 ## - SUBJECT ADDED ENTRY--TOPICAL TERM
Topical Term Soil salinity
942 ## - ADDED ENTRY ELEMENTS (KOHA)
Koha item type Books
Holdings
Withdrawn status Lost status Damaged status Not for loan Home library Current library Date acquired Cost, normal purchase price Full call number Accession Number Koha item type
        RRII Library RRII Library 16/12/2021 12561.00 631/635 ADV.18 23521 Books